000 00630nam a2200217 i 4500
001 37274
003 ES-MaACL
005 20230906155534.0
007 t|
008 030220s1973 sp ||||1| spa d
020 _a84-7321-112-X
100 1 _aPeyrona, Pedro José.
_991604
245 1 3 _aLa guerra
_b: un arte sangriento /
_cGene Buchanan [seud.].
260 _aMadrid :
_bMaisal,
_c[1973] (
_fEdicolor)
300 _a159 p. ;
_c18 cm.
490 1 _aWehrmacht ;
_v8
650 0 0 _aGuerra mundial, 1939-1945-
_vNovelas.
_913244
830 1 _aWehrmacht ;
_v8
_9229630
852 _aES-MaACL
_jC-55828
999 _c37274
_d37274